Dishes of the world - Statistics

General Stats
  • This quiz has been taken 58 times
  • The average score is 11 of 16
Answer Stats
Picture Answer % Correct
Japan
100%
Mexico
93%
Vietnam
91%
France
87%
Canada
85%
Spain
83%
Turkey
83%
China
80%
Germany
76%
United Kingdom
67%
Thailand
65%
Greece
59%
Austria
46%
Australia
37%
Hungary
37%
Indonesia
37%
No matching quizzes found
Score Distribution
Percent of People with Each Score
Percentile by Number Answered
Your Score History
You have not taken this quiz